Синтез математической модели подсистемы управления прогревом вакуумной камеры Казахстанского материаловедческого Токамака КТМ; Известия Томского политехнического университета [Известия ТПУ]; Т. 320, № 5 : Управление, вычислительная техника и информатика

Detalles Bibliográficos
Parent link:Известия Томского политехнического университета [Известия ТПУ]/ Томский политехнический университет (ТПУ).— , 2000-
Т. 320, № 5 : Управление, вычислительная техника и информатика.— 2012.— [С. 94-99]
Autor principal: Коровиков А. Г.
Otros Autores: Павлов В. М. Вадим Михайлович, Ольховик Д. А.
Sumario:Заглавие с титульного листа
Электронная версия печатной публикации
Исследован процесс прогрева вакуумной камеры токамака КТМ как объект управления, разработана математическая модель процесса как объекта управления. Сделан вывод о том, что для управления технологическим процессом прогрева необходимо и достаточно использовать систему управления, построенную на основе ПИ-регуляторов. Определены коэффициенты параметров настройки регулятора для каждой зоны прогрева.
Lenguaje:ruso
Publicado: 2012
Colección:Управление, вычислительная техника и информатика
Materias:
Acceso en línea:http://earchive.tpu.ru/bitstream/11683/4253/1/bulletin_tpu-2012-320-5-18.pdf
Formato: Electrónico Capítulo de libro
KOHA link:https://koha.lib.tpu.ru/cgi-bin/koha/opac-detail.pl?biblionumber=220679

MARC

LEADER 00000nla2a2200000 4500
001 220679
005 20231214160601.0
035 |a (RuTPU)RU\TPU\book\240810 
035 |a RU\TPU\book\240702 
090 |a 220679 
100 |a 20120829d2012 k y0rusy50 ca 
101 0 |a rus 
102 |a RU 
135 |a drnn ---uucaa 
181 0 |a i  
182 0 |a b 
200 1 |a Синтез математической модели подсистемы управления прогревом вакуумной камеры Казахстанского материаловедческого Токамака КТМ  |f А. Г. Коровиков, В. М. Павлов, Д. А. Ольховик 
203 |a Текст  |c электронный 
215 |a 1 файл (669 Кб) 
225 1 |a Управление, вычислительная техника и информатика 
300 |a Заглавие с титульного листа 
300 |a Электронная версия печатной публикации 
320 |a [Библиогр.: с. 99 (7 назв.)] 
330 |a Исследован процесс прогрева вакуумной камеры токамака КТМ как объект управления, разработана математическая модель процесса как объекта управления. Сделан вывод о том, что для управления технологическим процессом прогрева необходимо и достаточно использовать систему управления, построенную на основе ПИ-регуляторов. Определены коэффициенты параметров настройки регулятора для каждой зоны прогрева. 
337 |a Adobe Reader 
461 1 |0 (RuTPU)RU\TPU\book\176237  |t Известия Томского политехнического университета [Известия ТПУ]  |f Томский политехнический университет (ТПУ)  |d 2000- 
463 1 |0 (RuTPU)RU\TPU\book\239280  |x 1684-8519  |t Т. 320, № 5 : Управление, вычислительная техника и информатика  |v [С. 94-99]  |d 2012  |p 153 с. 
610 1 |a системы управления 
610 1 |a математические модели 
610 1 |a вакуумные камеры 
610 1 |a нагрев 
610 1 |a регуляторы 
610 1 |a прогрев 
610 1 |a зоны 
610 1 |a труды учёных ТПУ 
610 1 |a электронный ресурс 
700 1 |a Коровиков  |b А. Г. 
701 1 |a Павлов  |b В. М.  |c специалист в области автоматики и электроники  |c доцент Томского политехнического университета, кандидат технических наук  |f 1965-  |g Вадим Михайлович  |3 (RuTPU)RU\TPU\pers\25738  |9 11640 
701 1 |a Ольховик  |b Д. А. 
801 1 |a RU  |b 63413507  |c 20090623  |g PSBO 
801 2 |a RU  |b 63413507  |c 20211230  |g PSBO 
856 4 |u http://earchive.tpu.ru/bitstream/11683/4253/1/bulletin_tpu-2012-320-5-18.pdf 
942 |c CF